Different ways for the penetration of Colletotrichum gloeosporioides into the leaves of Hevea brasiliensis(Translation and original copy available) (Record no. 45442)

MARC details
000 -LEADER
fixed length control field 00424nam a2200121Ia 4500
245 #0 - TITLE STATEMENT
Title Different ways for the penetration of Colletotrichum gloeosporioides into the leaves of Hevea brasiliensis(Translation and original copy available)
260 ## - PUBLICATION, DISTRIBUTION, ETC. (IMPRINT)
Name of publisher C.R. Acad. Sc. Paris
Year of publication 1987
300 ## - PHYSICAL DESCRIPTION
Number of Pages 537-542
650 ## - SUBJECT ADDED ENTRY--TOPICAL TERM
Topical Term Colletotrichum
650 ## - SUBJECT ADDED ENTRY--TOPICAL TERM
Topical Term Hevea brasiliensis
942 ## - ADDED ENTRY ELEMENTS (KOHA)
Koha item type Reprints
Holdings
Withdrawn status Lost status Damaged status Not for loan Home library Current library Shelving location Date acquired Serial Enumeration / chronology Accession Number Koha item type
      Reprints RRII Library RRII Library Pathology 22/12/2021 Volume 305, Issue 3 P01160 Reprints